000 00417cam a2200169ua 4500
020 _c4.00
041 _amal
_h
082 _a894.8121
_bVAI/PA
100 _aVaidyanadaayyer, G .
245 _aPathittuppathu /
_cG Vaidya nadaayyer.
_hTextual Documents
260 _aThrissur :
_bKerala Sahitya Academy ,
_c1961.
300 _a289 ; .
365 _a4.00
504 _a
942 _cBK
999 _c5059
_d5059